| 000 | 00747 a2200193 4500 | ||
|---|---|---|---|
| 003 | Nust | ||
| 005 | 20230131122638.0 | ||
| 010 | _a65015032 | ||
| 040 | _cNust | ||
| 082 | _a940.546,COL | ||
| 100 |
_aCollins, Larry. _912046 |
||
| 245 |
_aIs Paris burning? : _bAdolf Hitler (August 25, 1944) / _cLarry Collins and Dominique Lapierre |
||
| 260 |
_aNew York, _bSimon and Schuster _c1965 |
||
| 300 |
_a376 p _billus _cmaps (part col.) ports _e24 cm |
||
| 505 | _aPart.1 The Menace (Page-9), Part.2 The Struggle (Page-103), Part.3 The Deliverance (Page-263), Table of Comparative Military Ranks (Page-345), Acknowledgments (Page-347), Sources (Page-351). | ||
| 600 |
_aCollins, Larry. _912046 |
||
| 650 |
_aSecond Wolrd War _9108217 |
||
| 942 |
_2ddc _cBK |
||
| 999 |
_c187201 _d187201 |
||